000 00685nam a2200145Ia 4500
005 20260209120146.0
008 260209s9999||||xx |||||||||||||| ||und||
100 _aShubham Mishra
245 0 _aJo Bhi main Kehna Chahun : evaluating buskers’ rights in the contemporary Indian legal system
260 _aBangaloreBangalore
_bNLSIU, Bangalore
_c2022
300 _a63 p. ; 25 cm.
505 _aBusking & Begging - India Indian Legal System - Discrimination Street Performance - India Street Performers Problems - Global Perspectives
700 _aDr. Saurabh Bhattacharjee - SupervisorDr. Saurabh Bhattacharjee - Supervisor
856 _uhttps://dans.nls.ac.in/handle/123456789/1161
999 _c217559
_d217559